El puño de Dios

Guardat en:
Dades bibliogràfiques
Autor principal: Forsyth, Frederick (Autor)
Format: Llibre
Idioma:espanyol
Publicat: Barcelona Plaza y Janés Editores S. A 1994
Edició:1a. ed
Matèries:
Etiquetes: Afegir etiqueta
Sense etiquetes, Sigues el primer a etiquetar aquest registre!

MARC

LEADER 00000cam a2200000 a 4500
001 UCE9926
003 CL-VaPUC
008 151112e19940000sp |||||||||||||||||spa|d
020 |a 8401375061 
082 0 4 |a 820  |b FOR  |2 21 
100 0 |a Forsyth, Frederick  |e author  |9 582912 
245 1 3 |a El puño de Dios 
250 |a 1a. ed 
300 |a 637 p 
942 |c BK 
945 |d 20151112 20:22:00  |a dcastane 
260 |a Barcelona  |b Plaza y Janés Editores S. A  |c 1994 
650 0 |a Literatura inglesa  |9 312907 
650 0 |a Novelas inglesas  |9 265220 
583 |a last modification  |c 20151112 20:22:00  |k Rodrigo Vera 
999 |c 361568  |d 361566 
952 |0 0  |1 0  |3 erb  |4 0  |6 820_000000000000000_FOR_1994  |7 0  |8 C  |9 472158  |a BIBCUR  |b BIBCUR  |i 5206774  |o 820 FOR 1994  |p 5206774  |r 2025-04-22  |w 2019-11-24  |y BK  |z Catalogado en:20151112  |k CAC